00753nam a2200217Ii 45000010005000000030009000050080041000140400033000550410008000880820016000961000024001122450035001362640062001713000012002333360026002453370028002713380027002999400050003269990017003769520142003935163CO-ViMGA241108s9999||||xx |||||||||||||| ||und|| aCO-ViMGAbspaerdacCO-ViMGA0 aunk04a780.15-T2451 aDeems Taylor95412610aHombres y cosas de la música 1a[Lugar de publicación no identificado] : Hachette, 1952 avolumen atextbtxt2rdacontent aunmediatedbn2rdamedia avolumebnc2rdacarrier aidficha_siabuc: 5031. -- ficha_no_siabuc:5163 c50991d50991 001040708001aMEVIGERRbMEVIGERRcGENd2006-11-27hVol.1o780.15-T245pECA4226r2024-11-26 10:02:25tEj.1w2024-11-26yBKz5031 | 7195